00610nam a22001937a 450000500170000001000230001702000260004003500170006603500140008303700150009703700130011208200210012510000220014624501080016826000310027627000520030730000350035970000220039420170227154848.0 a1617EN ENG-117082 a9788129135315c250.00 aB-648260-276 aEN-100614 adplbPansy bDBAD/PUB a791.430280922548 aShivkumar, Nalini aUnforgettable :cby Nalini Shivkumar [and] Rema Mahalingambthe iconic women of south Indian cinema / aNew DelhibRupa Pub.c2015 a7/16, Ansari Road, DaryaganjbNew Delhie110002 aviii,264p.c20cm(pbk)billus.  a Mahalingam, Rema